000 01035cam a2200241 a 4500
001 77916
003 BD-RjUL
005 20211209083050.0
008 210210s1999 ua b 000 0 ara d
035 _a(BD-RjUL)78142
040 _aMH
_cMH
_dCStRLIN
_dMiU
_beng
041 _aara
082 _223
_a297.12516
_bSAF 1999
100 1 _aسخاوي، محمد بن عبدالرحمن ;; Sakhāwī, Muḥammad ibn ʿAbd al-Raḥmān,
_d1427 or 1428-1497.
_9244688
245 1 0 _aفتح المغيث بشرح ألفية الحديث ;; Fatḥ al-mughīth bi-sharḥ Alfīyat al-ḥadīth /
_c أبي عبد الله محمد بن عبدالرحمن السخاوي ;; Abī ʿAbd Allāh Muḥammad ibn ʿAbd al-Raḥmān al-Sakhāwī
250 _aal-Ṭabʿah 1.
260 _aCairo :
_bAl Maktubat Al Tawfiqia ,
_c1999
300 _a v. ;
_c25 cm.
504 _aIncludes bibliographical references.
505 _aVol. 1.--v.2.--v.3
650 0 _aHadith
_xCriticism, interpretation, etc.
_vEarly works to 1800.
_9244689
942 _2ddc
_cBK
999 _c77916
_d77916